000 00319nam a2200145Ia 4500
008 230917s9999||||xx |||||||||||||| ||und||
040 _e5001429
_aMAIN
041 _aEnglish
082 _a181.4 T738B
100 _aTripathi, Baburam
245 0 _aBharatiya darshan
260 _c1978
300 _a253 p.
942 _cBK
999 _c9102
_d9102